000 00982nam a2200301 i 4500
001 bg
100 1 _aOsiński, Zbigniew
_d(1926-2001).
245 1 0 _aSprzęgła i hamulce /
_cZbigniew Osiński.
250 _aWyd. 4.
260 _aWarszawa :
_bWydawnictwo Naukowe PWN,
_c2000.
300 _a214, [4] s. :
_bil. ;
_c24 cm.
490 1 _aPodstawy Konstrukcji Maszyn
504 _aBibliogr., wykaz norm i katalogów.
521 _aDla studentów wyższych szkół technicznych.
650 9 _aHamulce
_xbudowa i konstrukcje
650 9 _aSprzęgła
_xbudowa i konstrukcje
655 _aPodręczniki akademickie
830 _aPodstawy Konstrukcji Maszyn
020 _a8301088591
040 _cBPK
041 0 _apl
080 _a621.82/.85
080 _a(075.8)
920 _a83-01-08859-1
942 _cKS
008 s pl f |000 0 pol
999 _c39555
_d39555
856 _uhttp://koha.tu.koszalin.pl/cgi-bin/koha/opac-detail.pl?biblionumber=39555
_yKatalog online BPK